000 00615nam a2200193Ia 4500
003 GCL
008 140319s9999 xx 000 0 ara d
040 _aGCL /
_cGCL
082 0 4 _a811.00901
_bس ق
100 1 _aسعد دعبيس
245 1 0 _aقراءة متعاطفة مع الشعر الجاهلى /
_cسعد دعبيس
300 _a193 ص
490 _aالهيئة العامة للاستعلامات
_v0
650 0 4 _aالشعر العربى
650 0 4 _aالعصر الجاهلى
650 0 4 _aالشعر الجاهلى
650 0 4 _aالشعر العربى - تاريخ ونقد
942 _2ddc
_cBK
999 _c48469
_d48469